Israel und Agypten in der Konigszeit : die kulturellen Kontakte von Salomo bis zum Fall Jerusalems /

محفوظ في:

المؤلف الرئيسي: Schipper, Bernd U., 1968- (مؤلف)

التنسيق: كتاب

اللغة: German

منشور في: Freiburg, Schweiz : Gottingen : Universitatsverlag ; Vandenhoeck & Ruprecht, c1999.

سلاسل: Orbis biblicus et orientalis ; 170.
OBO ; 170.

الموضوعات:

الوسوم: إضافة وسم

لا توجد وسوم, كن أول من يضع وسما على هذه التسجيلة!

رقم الطلب: DS41 .O5 v.170

LEADER 01331namaa2200349 4500
001 12471
003 OSt
005 20250821122629.0
008 130303s1999 sz a b 001 0 ger d
020 |a 3727812656 
040 |c ARCE Library 
041 0 |a ger  |b eng 
043 |a a-is---  |a f-ua--- 
050 4 |a DS41 .O5 v.170 
100 1 |a Schipper, Bernd U.,  |d 1968-  |e author 
245 1 0 |a Israel und Agypten in der Konigszeit :  |b die kulturellen Kontakte von Salomo bis zum Fall Jerusalems /  |c Bernd Ulrich Schipper. 
264 1 |a Freiburg, Schweiz :  |b Universitatsverlag ;  |a Gottingen :  |b Vandenhoeck & Ruprecht,  |c c1999. 
300 |a xi, 359, [11] pages :  |b illustrations ;  |c 24 cm. 
490 1 |a Orbis biblicus et orientalis ;   |v 170. 
490 1 |a OBO ;   |v 170. 
500 |a Originally presented as the author's thesis (doctoral) -- Universitat Bonn, 1998/1999. 
504 |a Includes bibliographical references (pages [302]-344) and indexes. 
546 |a Abstract in English. 
630 0 0 |a Bible.  |p Old Testament  |x History of contemporary events. 
650 0 |a Jews  |x History  |y 953-586 B.C. 
650 0 |a Egyptian literature   |x Relation to the Old Testament. 
651 0 |a Egypt  |x Religion. 
830 0 |a Orbis biblicus et orientalis ;   |v 170. 
830 0 |a OBO ;   |v 170. 
901 |a reviewed 
942 |c BK  |2 lcc 
999 |c 10818  |d 10818